[Event "European Blitz 2022"]
[Site "Katowice POL"]
[Date "2022.12.16"]
[Round "20.100"]
[White "Dzierzak, Radoslaw"]
[Black "Arkell, Keith C"]
[Result "0-1"]
[WhiteTitle "FM"]
[BlackTitle "GM"]
[WhiteElo "2211"]
[BlackElo "2406"]
[WhiteFideId "1161407"]
[BlackFideId "400270"]
[EventDate "2022.12.16"]

1. e4 c6 2. Nf3 d5 3. Nc3 Bg4 4. d4 dxe4 5. Nxe4 Nd7 6. h3 Bxf3 7. Qxf3 Ndf6 8.
Nxf6+ Nxf6 9. c3 e6 10. Bd3 Be7 11. O-O O-O 12. Bf4 Re8 13. Rfe1 a6 14. Rad1 Qd5
15. Qxd5 cxd5 16. a4 Red8 17. g4 h6 18. Bc7 Rd7 19. Bb6 Rc8 20. Rc1 Rc6 21. a5
Bd8 22. Bxd8 Rxd8 23. Ra1 g5 24. Kg2 Ne8 25. f4 gxf4 26. Kf3 Nd6 27. Kxf4 Nc4
28. Bxc4 Rxc4 29. Ra3 Rd7 30. Rea1 f6 31. Ra4 Rdc7 32. Rxc4 Rxc4 33. Ke3 Kf7 34.
Kd3 Ke7 35. b3 Rc8 36. Ra4 Kd6 37. Rb4 Rc7 38. Rb6+ Ke7 39. c4 dxc4+ 40. bxc4
Rd7 41. Ke4 Rc7 42. Kd3 Kf7 43. d5 exd5 44. cxd5 Kg6 45. h4 Rc5 46. d6 Rxa5 47.
Kd4 Kf7 48. Rxb7+ Ke6 49. d7 Ke7 50. Ke4 h5 51. gxh5 Rxh5 52. Ra7 Rxh4+ 53. Kf5
Rh5+ 54. Kg6 Rg5+ 55. Kh6 a5 56. Kh7 Rd5 57. Kg6 Rg5+ 58. Kh6 a4 59. Rxa4 Kxd7
60. Re4 Kd6 61. Re8 Re5 62. Rf8 Ke6 63. Re8+ Kf5 64. Rf8 Re7 65. Rg8 Ke5 66. Kh5
f5 67. Kh4 Kf4 68. Kh3 Re2 69. Rf8 Re5 70. Kg2 Ke3 71. Kf1 Kf3 72. Ra8 f4 73.
Ra3+ Re3 74. Ra1 Rc3 75. Rb1 Kg3 76. Rd1 Rc2 77. Rd8 Rc1+ 78. Ke2 f3+ 79. Ke3
Re1+ 80. Kd2 f2 81. Rg8+ Kh4 82. Rh8+ Kg5 83. Rg8+ Kh6 0-1

[Event "European Blitz 2022"]
[Site "Katowice POL"]
[Date "2022.12.16"]
[Round "21.1"]
[White "Navara, David"]
[Black "Kazakouski, Valery"]
[Result "0-1"]
[WhiteTitle "GM"]
[BlackTitle "GM"]
[WhiteElo "2684"]
[BlackElo "2539"]
[WhiteFideId "309095"]
[BlackFideId "13507443"]
[EventDate "2022.12.16"]

1. d4 Nf6 2. c4 e6 3. Nc3 Bb4 4. e3 b6 5. Ne2 Ba6 6. a3 Bxc3+ 7. Nxc3 d5 8. Qf3
O-O 9. g4 c6 10. g5 Ne8 11. e4 Bxc4 12. Bxc4 dxc4 13. Be3 Nd7 14. e5 b5 15. Qxc6
Nc7 16. Nxb5 Nxb5 17. Qxb5 Nb6 18. O-O Qc7 19. Qa5 Qb7 20. Qd2 Qe4 21. f3 Qf5
22. Rac1 Rac8 23. Qc2 Qh3 24. Qg2 Qf5 25. Qc2 Qh3 26. Qe4 Nd5 27. Bd2 Rb8 28.
Rc2 Rb3 29. Bc3 Qh5 30. h4 h6 31. Bd2 hxg5 32. hxg5 Rfb8 33. Kg2 Rxb2 34. Rh1
Qg6 35. Rhc1 c3 36. Qxg6 fxg6 37. Bxc3 Nxc3 0-1

[Event "European Blitz 2022"]
[Site "Katowice POL"]
[Date "2022.12.16"]
[Round "21.2"]
[White "Alonso Rosell, Alvar"]
[Black "Sargsyan, Shant"]
[Result "0-1"]
[WhiteTitle "GM"]
[BlackTitle "GM"]
[WhiteElo "2561"]
[BlackElo "2645"]
[WhiteFideId "2270544"]
[BlackFideId "13306766"]
[EventDate "2022.12.16"]

1. d4 Nf6 2. c4 e6 3. Nf3 d5 4. g3 Bb4+ 5. Nc3 O-O 6. Bg2 dxc4 7. O-O c5 8. dxc5
Bxc5 9. Ne5 Nc6 10. Nxc4 Qe7 11. Bg5 Rd8 12. Qc1 h6 13. Bxf6 Qxf6 14. Ne4 Qe7
15. Nxc5 Qxc5 16. b3 Bd7 17. Rd1 Be8 18. Nd6 Qb6 19. Qf4 e5 20. Qe4 Qc7 21. Nf5
Rxd1+ 22. Rxd1 Rd8 23. Rc1 Qd7 24. Bh3 Qd2 25. Rf1 Bd7 26. Qg4 Bxf5 27. Qxf5
Qxe2 28. Bg2 Nd4 29. Qh5 Qxh5 0-1

[Event "European Blitz 2022"]
[Site "Katowice POL"]
[Date "2022.12.16"]
[Round "21.3"]
[White "Adams, Michael"]
[Black "Gavrilescu, David"]
[Result "0-1"]
[WhiteTitle "GM"]
[BlackTitle "IM"]
[WhiteElo "2688"]
[BlackElo "2522"]
[WhiteFideId "400041"]
[BlackFideId "1227190"]
[EventDate "2022.12.16"]

1. e4 e6 2. d4 d5 3. exd5 exd5 4. Nf3 Nf6 5. Bd3 c5 6. c3 c4 7. Bc2 Bd6 8. O-O
O-O 9. Bg5 h6 10. Bh4 Bg4 11. Nbd2 Nc6 12. a4 Rc8 13. Qb1 Re8 14. Bf5 Bxf5 15.
Qxf5 Qd7 16. Qc2 Ne4 17. Bg3 Nxd2 18. Qxd2 Re6 19. Rfe1 Rce8 20. Rxe6 Rxe6 21.
Re1 Bxg3 22. hxg3 Qe7 23. Kf1 f6 24. Qf4 Rxe1+ 25. Nxe1 Qd7 26. Nc2 b6 27. Ne3
Ne7 28. a5 bxa5 29. Qb8+ Kf7 30. g4 a6 31. g3 a4 32. Kg2 Qe6 33. Qc7 Kf8 34. Qc5
Kf7 35. Qc7 Kf8 36. Qb8+ Kf7 37. Qb7 Kf8 38. Kg1 Qd6 39. Kh2 Qe6 40. Qc7 Ke8 41.
Qb8+ Kf7 42. Qb7 Kf8 43. Qb4 Qd7 44. Qb6 Qb5 45. Qd8+ Kf7 46. Qc7 Qxb2 47. Kg2
Qb1 48. Nf5 Qe4+ 49. Kh2 Qe6 50. Qb7 a3 51. Nxe7 Qxe7 52. Qxd5+ Qe6 53. Qa5 Qe2
54. Kg2 a2 55. Qd5+ Qe6 56. Qa5 Qe2 57. Qd5+ Kf8 58. Qc5+ Ke8 59. Qc6+ Ke7 60.
Qc7+ Ke6 61. Qc6+ Kf7 62. Qd5+ Kf8 63. Qc5+ Kg8 64. Qc8+ Kh7 65. Qf5+ Kh8 66.
Qc8+ Kh7 67. Qf5+ g6 68. Qd7+ Kg8 69. Qd8+ Kf7 70. Qc7+ Ke8 71. Qc8+ Ke7 72.
Qc7+ Ke6 73. Qc6+ Kf7 74. Qc7+ Qe7 75. Qxc4+ Qe6 76. d5 Qe5 77. Qxa2 Qxc3 78.
Qxa6 Qe5 79. Qb7+ Ke8 80. Qc6+ Ke7 81. Qc5+ Kd7 82. Kf3 f5 83. Qc6+ Ke7 84. Qxg6
Qe4# 0-1

[Event "European Blitz 2022"]
[Site "Katowice POL"]
[Date "2022.12.16"]
[Round "21.4"]
[White "Santos Latasa, Jaime"]
[Black "Klekowski, Maciej"]
[Result "0-1"]
[WhiteTitle "GM"]
[BlackTitle "GM"]
[WhiteElo "2668"]
[BlackElo "2477"]
[WhiteFideId "2293307"]
[BlackFideId "1132717"]
[EventDate "2022.12.16"]

1. Nf3 Nf6 2. c4 e6 3. g3 b6 4. Bg2 Bb7 5. O-O Be7 6. d4 O-O 7. Nc3 Ne4 8. Bd2
d5 9. cxd5 exd5 10. Rc1 Nd7 11. Bf4 c5 12. dxc5 Ndxc5 13. Nd4 Qd7 14. Nxe4 dxe4
15. b4 Na6 16. a3 Rad8 17. Be3 Bf6 18. Qb3 Bxd4 19. Rfd1 Bd5 20. Qb1 Bxe3 21.
fxe3 f5 22. Rd4 Qe7 23. Rcd1 Be6 24. Qb2 Nc7 25. g4 Qg5 26. Rxd8 Rxd8 27. Rxd8+
Qxd8 28. gxf5 Bxf5 29. Qe5 Qd7 30. h4 Nd5 31. Kf2 Nf6 32. Ke1 h6 33. Bh1 a6 34.
Bg2 b5 35. Qb8+ Kh7 36. Qb6 Qe6 37. Qc5 Ng4 38. Bh3 Nxe3 39. Bxf5+ Nxf5 40. h5
e3 41. Kf1 Qe4 42. Kg1 Qg4+ 43. Kf1 Qf4+ 0-1

[Event "European Blitz 2022"]
[Site "Katowice POL"]
[Date "2022.12.16"]
[Round "21.5"]
[White "Pultinevicius, Paulius"]
[Black "Oleksiyenko, Mykhaylo"]
[Result "1-0"]
[WhiteTitle "GM"]
[BlackTitle "GM"]
[WhiteElo "2561"]
[BlackElo "2594"]
[WhiteFideId "12809390"]
[BlackFideId "4152417"]
[EventDate "2022.12.16"]

1. d4 d5 2. Bf4 Nf6 3. e3 e6 4. Nd2 Bd6 5. Bg3 O-O 6. Ngf3 c5 7. c3 Qc7 8. dxc5
Qxc5 9. Bd3 h6 10. e4 dxe4 11. Nxe4 Nxe4 12. Bxe4 Bxg3 13. hxg3 Nd7 14. Qe2 Nf6
15. Bc2 b6 16. O-O-O Bb7 17. Rh4 Rfd8 18. Rhd4 Rxd4 19. Rxd4 Re8 20. Ne5 Bxg2
21. f4 Bd5 22. g4 Qc7 23. g5 Nh7 24. gxh6 g6 25. Nxg6 fxg6 26. Rxd5 Qxf4+ 27.
Kb1 exd5 28. Qxe8+ Nf8 29. a4 Qxh6 30. Bb3 Qh1+ 31. Ka2 Qf3 32. Qd8 Kg7 33. Bxd5
Qf6 34. Qc7+ Kh6 35. Qxa7 g5 36. Qf7 Qd6 37. Bf3 Qe6+ 38. Qxe6+ Nxe6 39. b4 Kg7
40. Kb3 Kf6 41. Kc4 Nc7 42. a5 bxa5 43. bxa5 Ke7 44. Kc5 Ne6+ 45. Kb6 Kd6 46. a6 1-0

[Event "European Blitz 2022"]
[Site "Katowice POL"]
[Date "2022.12.16"]
[Round "21.6"]
[White "Deac, Bogdan-Daniel"]
[Black "Alexakis, Dimitris"]
[Result "1-0"]
[WhiteTitle "GM"]
[BlackTitle "IM"]
[WhiteElo "2700"]
[BlackElo "2486"]
[WhiteFideId "1226380"]
[BlackFideId "4277023"]
[EventDate "2022.12.16"]

1. Nf3 c5 2. e3 d5 3. b3 Nc6 4. Bb2 a6 5. d4 Bg4 6. dxc5 e6 7. a3 Nf6 8. b4 Be7
9. Nbd2 a5 10. c3 e5 11. h3 Bxf3 12. Nxf3 O-O 13. Be2 Qc7 14. O-O Rfd8 15. Qb3
b6 16. b5 e4 17. Nd2 Ne5 18. c6 Bc5 19. a4 h5 20. Qc2 g5 21. c4 d4 22. Nxe4 Qe7
23. Nxc5 bxc5 24. Qf5 Ng6 25. Qxg5 Qe6 26. Rfe1 Ne4 27. Qxh5 d3 28. Bg4 Qe7 29.
Bf5 d2 30. Red1 Nf6 31. Qg5 Nh7 32. Qxe7 Nxe7 33. Bxh7+ Kxh7 34. Bf6 1-0

[Event "European Blitz 2022"]
[Site "Katowice POL"]
[Date "2022.12.16"]
[Round "21.7"]
[White "Moroni, Luca Jr"]
[Black "Kosakowski, Jakub"]
[Result "0-1"]
[WhiteTitle "GM"]
[BlackTitle "IM"]
[WhiteElo "2576"]
[BlackElo "2475"]
[WhiteFideId "865834"]
[BlackFideId "1185080"]
[EventDate "2022.12.16"]

1. d4 Nf6 2. Nf3 e6 3. Bf4 d5 4. e3 c5 5. Nbd2 Nc6 6. c3 Bd6 7. Bg3 O-O 8. Bd3
b6 9. e4 Be7 10. e5 Nh5 11. Ng5 Bxg5 12. Qxh5 g6 13. Qe2 cxd4 14. Nf3 f5 15. h4
Bh6 16. cxd4 Nb4 17. O-O Nxd3 18. Qxd3 Bd7 19. a4 Qe7 20. Ng5 f4 21. Bh2 Bxg5
22. hxg5 Qxg5 23. f3 Rac8 24. Rfc1 Qe7 25. Qd2 g5 26. b3 h6 27. Kh1 Kg7 28. Bg1
Qf7 29. Bf2 Qh5+ 30. Kg1 g4 31. Rxc8 Bxc8 32. fxg4 Qxg4 33. Rc1 Ba6 34. Rc7+ Rf7
35. Rc3 f3 36. Be3 h5 37. Rc1 h4 38. Kh1 h3 39. g3 f2 40. Kh2 f1=Q 41. Rxf1 Rxf1
42. Bh6+ Kg6 43. Bf4 Qf3 0-1

[Event "European Blitz 2022"]
[Site "Katowice POL"]
[Date "2022.12.16"]
[Round "21.8"]
[White "Kosteniuk, Alexandra"]
[Black "Hovhannisyan, Robert"]
[Result "1/2-1/2"]
[WhiteTitle "GM"]
[BlackTitle "GM"]
[WhiteElo "2520"]
[BlackElo "2597"]
[WhiteFideId "4128125"]
[BlackFideId "13302507"]
[EventDate "2022.12.16"]

1. e4 e5 2. Nf3 Nc6 3. Bc4 Bc5 4. d3 Nf6 5. Nc3 h6 6. h3 a6 7. Be3 d6 8. Bxc5
dxc5 9. a4 Be6 10. Bxe6 fxe6 11. Ne2 b6 12. b3 Qe7 13. Qc1 g5 14. Qb2 Nd7 15.
Nd2 O-O-O 16. Nc4 Kb7 17. f3 h5 18. Qc3 g4 19. hxg4 hxg4 20. O-O-O gxf3 21. gxf3
Nd4 22. Nxd4 exd4 23. Qd2 Nb8 24. Ne5 Rxh1 25. Rxh1 Rg8 26. f4 Nc6 27. Nxc6 Kxc6
28. Qf2 Kb7 29. Qf3 Ka7 30. Kb2 Rf8 31. f5 exf5 32. exf5 Rf6 33. Rf1 Qf8 34. Qe4
Qf7 35. Qe5 Kb7 36. a5 Qf8 37. Qe4+ Ka7 38. axb6+ cxb6 39. Qd5 Qf7 40. Qe4 a5
41. Qe5 Kb7 42. Rf4 Ka7 43. Qe4 Qd7 44. Qe5 Qf7 1/2-1/2

[Event "European Blitz 2022"]
[Site "Katowice POL"]
[Date "2022.12.16"]
[Round "21.9"]
[White "Keinanen, Toivo"]
[Black "Bartel, Mateusz"]
[Result "1/2-1/2"]
[WhiteTitle "IM"]
[BlackTitle "GM"]
[WhiteElo "2508"]
[BlackElo "2627"]
[WhiteFideId "509825"]
[BlackFideId "1112635"]
[EventDate "2022.12.16"]

1. d4 e6 2. e4 d5 3. exd5 exd5 4. Nf3 Bd6 5. c4 c6 6. Nc3 Ne7 7. Bd3 dxc4 8.
Bxc4 O-O 9. O-O Nd7 10. Re1 Nb6 11. Bb3 Bg4 12. h3 Bh5 13. g4 Bg6 14. Ne5 Ned5
15. Qf3 Qf6 16. Qxf6 gxf6 17. Nxg6 hxg6 18. Ne4 Bb4 19. Re2 Rfe8 20. a3 Bd6 21.
Kf1 Bc7 22. Bd2 Kg7 23. Rae1 Bf4 24. Ba5 Rh8 25. Bxb6 axb6 26. Bxd5 cxd5 27. Nc3
Rxh3 28. Nxd5 Bd6 29. Kg2 Rah8 30. Ne3 R3h4 31. Kf3 Rc8 32. Rd1 f5 33. gxf5 Rf4+
34. Kg2 gxf5 35. Rg1 Kf8 36. Rh1 Kg7 37. Rg1 Kf8 38. Rh1 Kg7 39. Rg1 Kf8 40. Rh1 1/2-1/2

[Event "European Blitz 2022"]
[Site "Katowice POL"]
[Date "2022.12.16"]
[Round "21.10"]
[White "Stefansson, Hannes"]
[Black "Saric, Ante"]
[Result "1-0"]
[WhiteTitle "GM"]
[BlackTitle "GM"]
[WhiteElo "2526"]
[BlackElo "2504"]
[WhiteFideId "2300087"]
[BlackFideId "14506254"]
[EventDate "2022.12.16"]

1. e4 d5 2. exd5 Nf6 3. d4 Bg4 4. Nf3 Bxf3 5. Qxf3 Qxd5 6. Qxd5 Nxd5 7. c3 Nc6
8. Bb5 O-O-O 9. O-O e5 10. Bxc6 bxc6 11. dxe5 Re8 12. Re1 Bd6 13. Nd2 Bxe5 14.
g3 Nxc3 15. Nf3 Bf6 16. Rxe8+ Rxe8 17. bxc3 Bxc3 18. Rb1 Ba5 19. Kf1 Bb6 20. Bb2
f6 21. Rd1 Re4 22. Nh4 Ra4 23. a3 Ra5 24. Nf3 Rb5 25. Rd2 Rb3 26. Ke2 c5 27. Rc2
c4 28. Nd2 Rxb2 29. Rxb2 c3 30. Rxb6 cxb6 31. Ne4 Kd7 32. Nxc3 Kc6 33. Kd3 b5
34. Kd4 a5 35. g4 g6 36. Nd5 f5 37. gxf5 gxf5 38. Ne7+ Kd6 39. Nxf5+ Ke6 40. Ne3
Kf6 41. f4 Kg6 42. Kc5 1-0

[Event "European Blitz 2022"]
[Site "Katowice POL"]
[Date "2022.12.16"]
[Round "21.11"]
[White "Vogel, Roven"]
[Black "Svane, Rasmus"]
[Result "1-0"]
[WhiteTitle "IM"]
[BlackTitle "GM"]
[WhiteElo "2463"]
[BlackElo "2622"]
[WhiteFideId "12908088"]
[BlackFideId "4657101"]
[EventDate "2022.12.16"]

1. d4 Nf6 2. c4 e6 3. Nf3 d5 4. Nc3 a6 5. cxd5 exd5 6. Bg5 Be6 7. e3 Nbd7 8. Bd3
Bd6 9. O-O c6 10. Bf4 Qc7 11. Qd2 h6 12. Rfe1 O-O 13. h3 Rfe8 14. Rac1 Nh5 15.
Bxd6 Qxd6 16. a3 a5 17. Na4 Nhf6 18. Qc2 Rec8 19. Nd2 Qf8 20. Qb3 Rcb8 21. Qc2
Ne8 22. Nb3 Nd6 23. Nbc5 Qe7 24. Nxd7 Bxd7 25. Nb6 Ra7 26. Qc5 Raa8 27. Nxa8
Rxa8 28. b4 axb4 29. axb4 Qf6 30. Ra1 Re8 31. b5 cxb5 32. Qxd5 Bc6 33. Qh5 Nc4
34. Rec1 Nd6 35. Qg4 g6 36. Rc5 Ne4 37. Bxe4 Bxe4 38. Rxb5 Bc6 39. Rc5 Kh7 40.
Rac1 h5 41. Qg3 Qe6 42. Qf4 Qd7 43. d5 Ba4 44. Rc7 Qxd5 45. Qxf7+ Qxf7 46. Rxf7+ 1-0

[Event "European Blitz 2022"]
[Site "Katowice POL"]
[Date "2022.12.16"]
[Round "21.12"]
[White "Laurusas, Tomas"]
[Black "Mastrovasilis, Dimitrios"]
[Result "1-0"]
[WhiteTitle "GM"]
[BlackTitle "GM"]
[WhiteElo "2567"]
[BlackElo "2605"]
[WhiteFideId "12803731"]
[BlackFideId "4202694"]
[EventDate "2022.12.16"]

1. d4 d5 2. c4 e6 3. Nc3 a6 4. cxd5 exd5 5. Nf3 c6 6. Qc2 Bd6 7. Bg5 Ne7 8. e3
h6 9. Bh4 Bf5 10. Qb3 Ra7 11. Be2 Nd7 12. O-O O-O 13. Na4 Qc7 14. Rac1 Re8 15.
Bg3 Bxg3 16. hxg3 Bg4 17. Rfe1 Bxf3 18. gxf3 Raa8 19. Bd3 Rad8 20. Kg2 Nf6 21.
Nc5 Rb8 22. Bb1 Nd7 23. Nd3 Qd6 24. Rh1 Ng6 25. Qc2 Re7 26. f4 Ngf8 27. Ne5 Rc8
28. Qf5 Qe6 29. Qh5 Nf6 30. Qd1 Ne4 31. Nd3 Qf6 32. Qe2 Rce8 33. Ne5 Qe6 34.
Rcd1 Nd6 35. Qh5 Ne4 36. Rh4 Nf6 37. Qf3 b6 38. Rc1 Rc7 39. Qe2 a5 40. Rhh1 Ne4
41. a3 c5 42. dxc5 bxc5 43. Rhd1 Nf6 44. Ba2 Rd8 45. Qb5 Qf5 46. Bb1 Qc8 47.
Qxa5 d4 48. exd4 Qb7+ 49. Kg1 Qxb2 50. Qxc7 1-0

[Event "European Blitz 2022"]
[Site "Katowice POL"]
[Date "2022.12.16"]
[Round "21.13"]
[White "Costachi, Mihnea"]
[Black "Yuffa, Daniil"]
[Result "1-0"]
[WhiteTitle "IM"]
[BlackTitle "GM"]
[WhiteElo "2476"]
[BlackElo "2587"]
[WhiteFideId "1217518"]
[BlackFideId "24131423"]
[EventDate "2022.12.16"]

1. d4 Nf6 2. Nf3 g6 3. g3 Bg7 4. Bg2 O-O 5. O-O d6 6. b3 e5 7. dxe5 dxe5 8. Ba3
e4 9. Nd4 Re8 10. c4 e3 11. f3 Ng4 12. Nc2 Qxd1 13. Rxd1 Nf2 14. Re1 Bf5 15.
Nxe3 Rxe3 16. Kxf2 Bd4 17. g4 Be6 18. Bc1 Re5+ 19. Kg3 Bxa1 20. f4 Ra5 21. Bxb7
Rxa2 22. Bxa8 Nd7 23. Be3 a5 24. Be4 Nf6 25. Bf3 h5 26. g5 Ne8 27. Rd1 Nd6 28.
Bf2 a4 29. bxa4 Bxc4 30. Nd2 Rxa4 31. Nxc4 Nxc4 32. Rd8+ Kg7 33. Bd5 Nd6 34. Rd7
Ra3+ 35. Kg2 Kf8 36. Rxc7 Ra6 37. Bc5 Ke8 38. Bc6+ Kd8 39. Bxd6 Bd4 40. Rd7+ Kc8
41. Bb5 Ra1 42. Rc7+ Kd8 43. Rd7+ Kc8 44. Be5 Rg1+ 45. Kf3 Bxe5 46. fxe5 Rxg5
47. Kf4 Rf5+ 48. Ke4 f6 49. Re7 Kd8 50. Re6 fxe5 51. Rxg6 Rf2 52. h3 Ke7 53.
Kxe5 Rh2 54. Rg7+ Kf8 55. Rg3 h4 56. Rf3+ Kg7 57. e4 Rg2 58. Bd7 1-0

[Event "European Blitz 2022"]
[Site "Katowice POL"]
[Date "2022.12.16"]
[Round "21.14"]
[White "Lagarde, Maxime"]
[Black "Peyrer, Konstantin"]
[Result "1-0"]
[WhiteTitle "GM"]
[BlackTitle "FM"]
[WhiteElo "2584"]
[BlackElo "2380"]
[WhiteFideId "662399"]
[BlackFideId "1640879"]
[EventDate "2022.12.16"]

1. e4 c6 2. Nf3 d5 3. d3 Qc7 4. exd5 cxd5 5. c4 Nf6 6. Nc3 dxc4 7. dxc4 Nc6 8.
g3 Bg4 9. Bg2 e6 10. O-O Rd8 11. Qa4 a6 12. Re1 Bxf3 13. Bxf3 Bc5 14. Nd5 Nxd5
15. cxd5 b5 16. Qd1 Nd4 17. Be3 Nxf3+ 18. Qxf3 Bxe3 19. Rxe3 O-O 20. dxe6 fxe6
21. Qe2 Qc4 22. Rxe6 Rd3 23. Re1 Qd4 24. Re8 g6 25. Rxf8+ Kxf8 26. Qe7+ Kg8 27.
Re4 Qd5 28. Qe8+ Kg7 29. Re7+ Kh6 30. Qf8+ 1-0

[Event "European Blitz 2022"]
[Site "Katowice POL"]
[Date "2022.12.16"]
[Round "21.15"]
[White "Piorun, Kacper"]
[Black "Drozdowski, Kacper"]
[Result "1-0"]
[WhiteTitle "GM"]
[BlackTitle "IM"]
[WhiteElo "2611"]
[BlackElo "2448"]
[WhiteFideId "1130420"]
[BlackFideId "1136720"]
[EventDate "2022.12.16"]

1. d4 Nf6 2. Bg5 c5 3. d5 Qb6 4. Nc3 h6 5. Bc1 e5 6. e4 d6 7. Nf3 Be7 8. Be2 O-O
9. Nd2 Qd8 10. Nc4 Nbd7 11. a4 Nb6 12. Ne3 Bd7 13. O-O Ne8 14. a5 Nc8 15. Nc4
Bg5 16. f4 exf4 17. Bxf4 Bxf4 18. Rxf4 Qg5 19. Qd2 Nc7 20. Raf1 Nb5 21. Nxb5
Bxb5 22. Ne3 Bxe2 23. Qxe2 Ne7 24. h4 Qe5 25. Nc4 Qd4+ 26. Kh1 f5 27. Nxd6 Ng6
28. Rxf5 Rxf5 29. Nxf5 Qe5 30. d6 Rd8 31. Qc4+ Kh7 32. h5 Nf4 33. Qf7 Ne2 34.
Rf3 Qxb2 35. Qg6+ Kh8 36. Ne3 Qa1+ 37. Rf1 Qe5 38. Rf3 Qa1+ 39. Rf1 Qe5 40. Nf5
Rf8 41. d7 Rd8 42. Rd1 Nf4 43. Qf7 Ne6 44. Ne7 Qxe4 45. Qe8+ Kh7 46. Qg6+ Qxg6
47. hxg6+ Kh8 48. Rd6 Nf8 49. Rd5 Rxd7 50. Rf5 Rd8 51. Rxc5 Re8 52. Rc7 Rb8 53.
c4 Ne6 54. Rd7 Nc5 55. Rd5 Ne6 56. Kh2 Re8 57. Nf5 Nf4 58. Rd6 Rc8 59. g3 Nh5
60. Ne7 Re8 61. Rd7 b6 62. a6 Ra8 63. Nc6 Nf6 64. Rxa7 Rc8 65. Ne7 Re8 66. Rb7
Ng4+ 67. Kg1 Ne5 68. a7 1-0

[Event "European Blitz 2022"]
[Site "Katowice POL"]
[Date "2022.12.16"]
[Round "21.16"]
[White "Dvirnyy, Danyyil"]
[Black "Sahidi, Samir"]
[Result "1-0"]
[WhiteTitle "GM"]
[BlackTitle "IM"]
[WhiteElo "2530"]
[BlackElo "2494"]
[WhiteFideId "817570"]
[BlackFideId "14936372"]
[EventDate "2022.12.16"]

1. e4 c5 2. Nf3 Nc6 3. Nc3 g6 4. d4 cxd4 5. Nxd4 Bg7 6. Be3 Nf6 7. Bc4 d6 8. h3
Bd7 9. O-O O-O 10. Bb3 a6 11. Re1 Rc8 12. Nf3 Na5 13. Qd3 Nxb3 14. axb3 Bc6 15.
Bg5 Re8 16. Nd5 Nxd5 17. exd5 Bd7 18. c3 Bf5 19. Qd2 Qd7 20. Rad1 Rc7 21. Bh6
Bf6 22. Nd4 Qc8 23. Bg5 Bg7 24. b4 h5 25. Re2 Bxd4 26. Qxd4 Rc4 27. Qd2 Bxh3 28.
gxh3 Qxh3 29. f4 f6 30. Bxf6 Kf7 31. Bg5 Qf5 32. Rde1 a5 33. Rxe7+ Rxe7 34.
Rxe7+ Kg8 35. Qe2 Rxf4 36. Bxf4 Qxf4 37. Qe6+ Kf8 38. Re8+ Kg7 39. Rg8+ 1-0

[Event "European Blitz 2022"]
[Site "Katowice POL"]
[Date "2022.12.16"]
[Round "21.17"]
[White "Kowalski, Igor"]
[Black "Tazbir, Marcin"]
[Result "0-1"]
[WhiteTitle "IM"]
[BlackTitle "GM"]
[WhiteElo "2344"]
[BlackElo "2508"]
[WhiteFideId "1172468"]
[BlackFideId "1122452"]
[EventDate "2022.12.16"]

1. d4 d5 2. c4 dxc4 3. e3 Nf6 4. Bxc4 a6 5. Nf3 b5 6. Bd3 Bb7 7. O-O e6 8. a4 b4
9. Qe2 c5 10. Nbd2 Be7 11. dxc5 Bxc5 12. e4 Nc6 13. e5 Nd5 14. Ne4 Be7 15. Bg5
O-O 16. Bxe7 Qxe7 17. Rfd1 Rfd8 18. Rac1 h6 19. Nc5 Nf4 20. Qe3 Nxd3 21. Rxd3
Rxd3 22. Qxd3 Rd8 23. Qe4 Ba8 24. Qe3 a5 25. h3 Qa7 26. Qf4 Ne7 27. Nb3 Ng6 28.
Qg3 Bxf3 29. Qxf3 Nxe5 30. Qg3 f6 31. Nc5 Rc8 32. Qe3 Qe7 33. Nb3 Rxc1+ 34. Qxc1
Qd7 35. Nxa5 Qxa4 36. Qc8+ Kh7 37. Nb7 Qa1+ 38. Kh2 Qxb2 39. Qxe6 Qxf2 40. Qd5
Qf4+ 41. Kh1 Qc4 42. Qd2 b3 43. Na5 Qc2 0-1

[Event "European Blitz 2022"]
[Site "Katowice POL"]
[Date "2022.12.16"]
[Round "21.18"]
[White "Psyk, Radoslaw"]
[Black "Fridman, Daniel"]
[Result "1-0"]
[BlackTitle "GM"]
[WhiteElo "2438"]
[BlackElo "2602"]
[WhiteFideId "1182838"]
[BlackFideId "11600454"]
[EventDate "2022.12.16"]

1. e4 e6 2. b3 d5 3. Bb2 dxe4 4. Qe2 Nf6 5. Nc3 Be7 6. Nxe4 Nxe4 7. Qxe4 Bf6 8.
O-O-O Nc6 9. Nf3 Bxb2+ 10. Kxb2 Qf6+ 11. d4 O-O 12. h4 Rd8 13. c3 Bd7 14. Bd3 h6
15. Qh7+ Kf8 16. Rhe1 Ne7 17. Ne5 Bc6 18. Re3 Qxf2+ 19. Re2 Qg3 20. Qh8+ Ng8 21.
Ng6+ fxg6 22. Rf1+ Ke7 23. Qxg7+ Kd6 24. c4 Bxg2 25. c5+ Kc6 26. Rxe6+ Rd6 27.
cxd6 cxd6 28. Rc1+ Kb6 29. Qc7# 1-0

[Event "European Blitz 2022"]
[Site "Katowice POL"]
[Date "2022.12.16"]
[Round "21.19"]
[White "Schneider, Ilja"]
[Black "Manik, Mikulas"]
[Result "1-0"]
[WhiteTitle "IM"]
[BlackTitle "GM"]
[WhiteElo "2483"]
[BlackElo "2359"]
[WhiteFideId "4663306"]
[BlackFideId "14900734"]
[EventDate "2022.12.16"]

1. e4 c5 2. Nc3 Nc6 3. Bb5 Nd4 4. Nf3 a6 5. Bd3 g6 6. O-O Bg7 7. Re1 d6 8. Nxd4
cxd4 9. Ne2 e5 10. c3 dxc3 11. dxc3 Nf6 12. c4 O-O 13. Nc3 Be6 14. b3 Rc8 15.
Bb2 Nh5 16. Bf1 Qg5 17. Qxd6 Rfd8 18. Qb6 Nf4 19. g3 Rd2 20. Bc1 Rc2 21. Nd5
Bxd5 22. exd5 Bf8 23. Qxb7 Re8 24. Bxf4 Qg4 25. Be3 h5 26. h3 Qf5 27. Bg2 Bh6
28. Qb6 Bf8 29. d6 Kh7 30. Rad1 Qd7 31. Qc6 Qd8 32. Qxe8 Qxe8 33. d7 Qd8 34. Be4
Rxa2 35. Rf1 Be7 36. c5 Bg5 37. Bxg5 Qxg5 38. d8=Q Qxd8 1-0

[Event "European Blitz 2022"]
[Site "Katowice POL"]
[Date "2022.12.16"]
[Round "21.20"]
[White "Subelj, Jan"]
[Black "Grandelius, Nils"]
[Result "1-0"]
[WhiteTitle "IM"]
[BlackTitle "GM"]
[WhiteElo "2492"]
[BlackElo "2660"]
[WhiteFideId "14618583"]
[BlackFideId "1710400"]
[EventDate "2022.12.16"]

1. e4 c5 2. Nf3 d6 3. Bb5+ Nd7 4. d4 cxd4 5. Nxd4 Nf6 6. O-O a6 7. Bd3 e6 8. c4
Be7 9. Nc3 O-O 10. f4 Re8 11. Be3 Bf8 12. Bc2 e5 13. Nf5 exf4 14. Rxf4 Ne5 15.
b3 g6 16. Nd4 Nfg4 17. Bc1 Qh4 18. h3 Qg3 19. Nce2 Qh2+ 20. Kf1 Qh1+ 21. Ng1
Nh2+ 22. Kf2 Bh6 23. Nde2 Bxf4 24. Bxf4 Nhg4+ 25. Kf1 Re6 26. hxg4 Nxg4 27. Ng3
Qh4 28. Nf3 Qf6 29. Bg5 Qc3 30. Qd4 Qxc2 31. Rc1 Qxa2 32. e5 Bd7 33. Qxg4 Qxb3
34. Qd4 Bc6 35. Rc3 Qb1+ 36. Rc1 Qb3 37. Rc3 Qa2 38. exd6 Bxf3 39. gxf3 Qh2 40.
Ne4 Qh1+ 41. Kf2 Qh2+ 42. Kf1 Qh1+ 43. Kf2 Qh2+ 44. Ke3 Qg1+ 45. Kd3 Qd1+ 46.
Nd2 h6 47. Bxh6 f6 48. Qd5 Kf7 49. Be3 Rd8 50. c5 Rd7 51. Rb3 b5 52. Rc3 b4 53.
Rb3 a5 54. Bd4 Qe2+ 55. Kc2 Qb5 56. Ne4 a4 57. Re3 b3+ 58. Kb1 a3 59. Ng5+ Kg7
60. Nxe6+ Kh7 61. Rxb3 Qf1+ 62. Ka2 Qe2+ 63. Ka1 Qd1+ 64. Rb1 Qd2 65. Rh1+ Kg8
66. Ng5+ Kg7 67. Rh7+ Kf8 68. Rh8+ 1-0